[Event "Plunge op 36th"]
[Site "Plateliai"]
[Date "2016.07.24"]
[Round "9"]
[White "Maciuityte, Greta"]
[Black "Jocys, Dalius"]
[Result "0-1"]
[WhiteElo "1744"]
[BlackElo "2137"]
[PlyCount "76"]
[EventDate "2016.07.18"]
[EventType "swiss"]
[EventRounds "9"]
[EventCountry "LTU"]
[SourceTitle "EXT 2018"]
[Source "ChessBase"]
[SourceDate "2017.10.13"]
[SourceVersion "1"]
[SourceVersionDate "2017.10.13"]
[SourceQuality "1"]

1. e4 c5 2. d4 cxd4 3. c3 d3 4. c4 d6 5. Bxd3 Nf6 6. h3 g6 7. Nf3 Bg7 8. 0-0 0-0 9. Nc3 Nbd7 10. Qe2 Nc5 11. Bb1 a6 12. Rd1 Qc7 13. Bf4 Nh5 14. Bg5 Bxc3 15. bxc3 e5 16. Qd2 f6 17. Bh6 Rd8 18. g4 Ng7 19. Bc2 Be6 20. Qe2 Qf7 21. Nd2 g5 22. Bxg7 Kxg7 23. Rab1 Qc7 24. Qf3 Qf7 25. Qe2 h5 26. Kg2 Rh8 27. Rh1 Rh6 28. f3 Rah8 29. Bb3 Qg6 30. Rh2 hxg4 31. fxg4 Bd7 32. Bc2 Ne6 33. Kg1 Nf4 34. Qe1 Bc6 35. Nf1 Rxh3 36. c5 dxc5 37. Ng3 Rxh2 38. Nf5+ Qxf5 0-1

[Event "Plunge op 36th"]
[Site "Plateliai"]
[Date "2016.07.23"]
[Round "8"]
[White "Kalvaitis, Sigitas"]
[Black "Jocys, Dalius"]
[Result "1-0"]
[WhiteElo "2285"]
[BlackElo "2137"]
[PlyCount "103"]
[EventDate "2016.07.18"]
[EventType "swiss"]
[EventRounds "9"]
[EventCountry "LTU"]
[SourceTitle "EXT 2018"]
[Source "ChessBase"]
[SourceDate "2017.10.13"]
[SourceVersion "1"]
[SourceVersionDate "2017.10.13"]
[SourceQuality "1"]

1. e4 c5 2. Nf3 d6 3. Bb5+ Bd7 4. Bxd7+ Qxd7 5. 0-0 Nf6 6. c3 Nc6 7. Qe2 e6 8. d4 cxd4 9. cxd4 d5 10. e5 Ne4 11. Nbd2 Nxd2 12. Bxd2 Be7 13. Qd3 0-0 14. Ng5 Bxg5 15. Bxg5 Ne7 16. f4 h6 17. Bxe7 Qxe7 18. f5 exf5 19. Rxf5 Rac8 20. Raf1 Qb4 21. b3 Rc6 22. h3 a6 23. Kh2 Qe7 24. R1f4 Rg6 25. Qf3 Qe6 26. h4 Qd7 27. h5 Rc6 28. Rg4 Rc3 29. Qf4 Kh7 30. Kg1 Rc1+ 31. Kh2 Rc3 32. Rg6 fxg6 33. hxg6+ Kxg6 34. Rxf8 Kh7 35. Rf7 Qe6 36. Rxb7 Qg6 37. Qh4 Rc2 38. Qh3 Rxa2 39. Rd7 Ra1 40. Rxd5 Qg5 41. Qd3+ Kh8 42. Qe4 Rf1 43. e6 Rf4 44. Rd8+ Qxd8 45. Qxf4 Qe7 46. d5 Kg8 47. g3 Qb7 48. d6 Qxb3 49. Qf7+ Kh7 50. Qf5+ g6 51. Qf7+ Kh8 52. d7 1-0

[Event "LTU-chT"]
[Site "Lithuania"]
[Date "2016.02.07"]
[Round "5.2"]
[White "Bieliauskas, Marius"]
[Black "Jocys, Dalius"]
[Result "1/2-1/2"]
[WhiteElo "2147"]
[BlackElo "2180"]
[PlyCount "85"]
[EventDate "2016.01.23"]
[EventType "team-swiss"]
[EventRounds "7"]
[EventCountry "LTU"]
[SourceTitle "EXT 2017"]
[Source "ChessBase"]
[SourceDate "2016.10.25"]
[SourceVersion "1"]
[SourceVersionDate "2016.10.25"]
[SourceQuality "1"]
[WhiteTeam "Kaunas Milsa"]
[BlackTeam "Kretinga Akmena"]
[WhiteTeamCountry "LTU"]
[BlackTeamCountry "LTU"]

1. d4 Nf6 2. c4 e6 3. g3 c5 4. d5 exd5 5. cxd5 d6 6. Nc3 g6 7. Bg2 Bg7 8. Nf3 0-0 9. 0-0 a6 10. a4 Re8 11. Nd2 Nbd7 12. h3 Rb8 13. Nc4 Nb6 14. Na3 Bd7 15. Bf4 Qe7 16. e4 Nh5 17. Be3 Bxc3 18. bxc3 Nxa4 19. Nb1 b5 20. Qc1 f5 21. Bg5 Qf7 22. exf5 gxf5 23. Nd2 Qg7 24. Nf3 Nxc3 25. Kh2 b4 26. Rxa6 Ne4 27. Ra7 Nxg5 28. Nxg5 Re7 29. Re1 b3 30. Ne6 Bxe6 31. Rxe7 Qxe7 32. dxe6 b2 33. Qb1 c4 34. Qxf5 Ng7 35. Qc2 b1Q 36. Rxb1 Rxb1 37. Qxb1 Qxe6 38. Qb7 Kf8 39. Bd5 Qf6 40. Qc8+ Ke7 41. Qc7+ Kf8 42. Qc8+ Ke7 43. Qc7+ 1/2-1/2

[Event "Klaipeda Sea op-A 12th"]
[Site "Klaipeda"]
[Date "2015.07.30"]
[Round "4"]
[White "Jocys, Dalius"]
[Black "Kalvaitis, Sigitas"]
[Result "1-0"]
[WhiteElo "2153"]
[BlackElo "2220"]
[PlyCount "75"]
[EventDate "2015.07.27"]
[EventType "swiss"]
[EventRounds "7"]
[EventCountry "LTU"]
[SourceTitle "CBM 167 Extra"]
[Source "ChessBase"]
[SourceDate "2015.09.14"]
[SourceVersion "1"]
[SourceVersionDate "2015.09.14"]
[SourceQuality "1"]

1. Nf3 d5 2. b3 a5 3. a4 Nf6 4. Bb2 Bf5 5. e3 e6 6. Be2 Bd6 7. 0-0 h6 8. Nd4 Bh7 9. f4 Nbd7 10. d3 c6 11. Nd2 Qe7 12. Qc1 e5 13. fxe5 Qxe5 14. N2f3 Qh5 15. Ba3 Bc7 16. g3 Qh3 17. Nh4 0-0-0 18. Rf2 Ne5 19. Be7 Rde8 20. Bxf6 gxf6 21. Ndf5 Bxf5 22. Rxf5 Rhg8 23. Rh5 Nxd3 24. Bxd3 Rxg3+ 25. hxg3 Qxg3+ 26. Ng2 Bb6 27. Bf5+ Kb8 28. Rh3 Qg5 29. Qf1 Re5 30. Qf4 Qxf4 31. Nxf4 Rxf5 32. Kg2 Re5 33. Nd3 Re4 34. Re1 c5 35. Rxh6 c4 36. Nf4 Bxe3 37. Rh8+ Ka7 38. Nxd5 1-0

[Event "Klaipeda Sea op-A 12th"]
[Site "Klaipeda"]
[Date "2015.07.28"]
[Round "2"]
[White "Jocys, Dalius"]
[Black "Pocius, Vaclovas"]
[Result "1-0"]
[WhiteElo "2153"]
[BlackElo "1710"]
[PlyCount "67"]
[EventDate "2015.07.27"]
[EventType "swiss"]
[EventRounds "7"]
[EventCountry "LTU"]
[SourceTitle "CBM 167 Extra"]
[Source "ChessBase"]
[SourceDate "2015.09.14"]
[SourceVersion "1"]
[SourceVersionDate "2015.09.14"]
[SourceQuality "1"]

1. Nf3 b6 2. g3 Bb7 3. Bg2 e5 4. d3 d6 5. 0-0 Nf6 6. c4 Be7 7. Nc3 0-0 8. a3 a5 9. b3 Na6 10. Bb2 Re8 11. Qc2 Bf8 12. Rfd1 Qc8 13. d4 exd4 14. Rxd4 Nc5 15. Rdd1 Nce4 16. Nxe4 Bxe4 17. Qc3 Bb7 18. Qd3 Ne4 19. Qc2 Qf5 20. Qd3 Qg6 21. Nh4 Qe6 22. Bd4 Be7 23. Nf3 Bf6 24. b4 Rab8 25. Rab1 Ba6 26. Rbc1 d5 27. cxd5 Bxd3 28. dxe6 Bxe2 29. exf7+ Kxf7 30. Re1 Bd3 31. Bxf6 Kxf6 32. Rxc7 Nd6 33. Rd1 Nb5 34. Rc6+ 1-0

[Event "Klaipeda Sea op-A 12th"]
[Site "Klaipeda"]
[Date "2015.07.27"]
[Round "1"]
[White "Jankus, Giedrius"]
[Black "Jocys, Dalius"]
[Result "0-1"]
[WhiteElo "1768"]
[BlackElo "2153"]
[PlyCount "76"]
[EventDate "2015.07.27"]
[EventType "swiss"]
[EventRounds "7"]
[EventCountry "LTU"]
[SourceTitle "CBM 167 Extra"]
[Source "ChessBase"]
[SourceDate "2015.09.14"]
[SourceVersion "1"]
[SourceVersionDate "2015.09.14"]
[SourceQuality "1"]

1. d4 Nf6 2. Nc3 d6 3. e4 g6 4. f4 Bg7 5. Nf3 0-0 6. Bd3 c5 7. dxc5 dxc5 8. 0-0 Nc6 9. Be3 Ng4 10. Bxc5 Qa5 11. Bf2 Nxf2 12. Rxf2 Bxc3 13. bxc3 Qxc3 14. Kh1 Bg4 15. h3 Bxf3 16. Rxf3 Rfd8 17. Qf1 Qa5 18. f5 Ne5 19. Rg3 Kg7 20. Qf4 f6 21. fxg6 hxg6 22. Rb1 b6 23. Rb5 Qxa2 24. Kh2 Qe6 25. Be2 a6 26. Rbb3 Rh8 27. Rgc3 b5 28. Rc7 Rac8 29. Rbc3 Rxc7 30. Rxc7 Rc8 31. Rb7 Rxc2 32. Qe3 Qd6 33. Kh1 Nc4 34. Bxc4 Rxc4 35. e5 fxe5 36. Rb6 Qd4 37. Qg5 Rc1+ 38. Kh2 Qxb6 0-1

[Event "Klaipeda-ch"]
[Site "Klaipeda"]
[Date "2013.03.17"]
[Round "8"]
[White "Pakalniskis, Romas"]
[Black "Jocys, Dalius"]
[Result "0-1"]
[WhiteElo "1843"]
[BlackElo "2220"]
[PlyCount "108"]
[EventDate "2013.01.06"]
[EventType "tourn"]
[EventRounds "11"]
[EventCountry "LTU"]
[SourceTitle "EXT 2014"]
[Source "ChessBase"]
[SourceDate "2013.11.20"]
[SourceVersion "1"]
[SourceVersionDate "2013.11.20"]
[SourceQuality "1"]

1. e4 g6 2. d4 Bg7 3. c4 c5 4. d5 d6 5. Nc3 Nf6 6. Be2 0-0 7. Nf3 e6 8. 0-0 exd5 9. exd5 a6 10. a4 Bg4 11. h3 Bxf3 12. Bxf3 Nbd7 13. Bf4 Ne8 14. Ne4 Ne5 15. Be2 h6 16. Bh2 f5 17. f4 Nxc4 18. Bxc4 fxe4 19. Kh1 Nc7 20. Qe2 b5 21. axb5 axb5 22. Bxb5 Nxb5 23. Qxb5 Rxa1 24. Rxa1 Qf6 25. Rb1 e3 26. Qe2 Qf5 27. Rd1 Qe4 28. Rd3 Bd4 29. Bg3 Rf5 30. Rb3 Qxd5 31. Rb8+ Rf8 32. Qb5 Rxb8 33. Qxb8+ Kh7 34. Qe8 Bxb2 35. Qxe3 Bg7 36. Qe7 c4 37. Bh4 Qd4 38. f5 gxf5 39. Bg3 f4 40. Bf2 Qa1+ 41. Kh2 Qe5 42. Qf7 c3 43. h4 c2 44. Qc4 Qf5 45. Qc7 Kg8 46. Qd8+ Bf8 47. Qc7 d5 48. Bd4 Qd3 49. Qxf4 c1Q 50. Qg4+ Kf7 51. Qd7+ Be7 52. Qxd5+ Ke8 53. Qg8+ Kd7 54. Qd5+ Bd6+ 0-1

[Event "Klaipeda-ch"]
[Site "Klaipeda"]
[Date "2013.01.28"]
[Round "3"]
[White "Jocys, Dalius"]
[Black "Dubinskas, Konstantinas"]
[Result "1-0"]
[WhiteElo "2220"]
[BlackElo "1947"]
[PlyCount "85"]
[EventDate "2013.01.06"]
[EventType "tourn"]
[EventRounds "11"]
[EventCountry "LTU"]
[SourceTitle "EXT 2014"]
[Source "ChessBase"]
[SourceDate "2013.11.20"]
[SourceVersion "1"]
[SourceVersionDate "2013.11.20"]
[SourceQuality "1"]

1. d4 Nf6 2. c4 e6 3. Nc3 d5 4. Bf4 Bd6 5. Bxd6 Qxd6 6. e3 0-0 7. Nf3 c6 8. Qc2 Nbd7 9. cxd5 exd5 10. Bd3 a6 11. 0-0 c5 12. dxc5 Qxc5 13. Rac1 Qe7 14. Rfd1 g6 15. Be2 Qe6 16. Qd2 Nb6 17. Qd4 Bd7 18. Ng5 Qf5 19. Nxh7 Kxh7 20. Qxb6 Be6 21. Rd4 Kg7 22. Rf4 Qe5 23. Qd4 Qxd4 24. Rxd4 Rac8 25. Rcd1 Rc5 26. h4 b5 27. Bf3 Rfc8 28. g4 Rc4 29. g5 Nd7 30. Bxd5 Bxd5 31. Rxd5 Nc5 32. R5d4 Ne6 33. Rxc4 Rxc4 34. Rd6 Rxh4 35. f4 b4 36. Nd5 a5 37. Ra6 Rh8 38. Rxa5 Rd8 39. Kg2 Rc8 40. Nxb4 Rc4 41. a3 Nc5 42. Kf3 Nb3 43. Ra8 1-0

[Event "LTU-chT"]
[Site "Vilnius"]
[Date "2013.01.19"]
[Round "2.1"]
[White "Jocys, Dalius"]
[Black "Stalemekas, Ernestas"]
[Result "1/2-1/2"]
[WhiteElo "2240"]
[BlackElo "2152"]
[PlyCount "143"]
[EventDate "2013.01.19"]
[EventType "team-swiss"]
[EventRounds "7"]
[EventCountry "LTU"]
[SourceTitle "CBM 152 Extra"]
[Source "ChessBase"]
[SourceDate "2013.02.25"]
[SourceVersion "1"]
[SourceVersionDate "2013.02.25"]
[SourceQuality "1"]
[WhiteTeam "Kretinga Akmena"]
[BlackTeam "Rokiskis"]
[WhiteTeamCountry "LTU"]
[BlackTeamCountry "LTU"]

1. d4 Nf6 2. Nf3 g6 3. Bf4 Bg7 4. e3 c5 5. c3 Qb6 6. Qb3 Qxb3 7. axb3 cxd4 8. exd4 d6 9. Bd3 Bg4 10. Nbd2 Nh5 11. Be3 Nd7 12. h3 Bxf3 13. Nxf3 0-0 14. 0-0 a6 15. Ra5 e6 16. b4 Rfe8 17. Rfa1 Nb6 18. b5 axb5 19. Bxb5 Rxa5 20. Rxa5 Ra8 21. Rxa8+ Nxa8 22. Nd2 Kf8 23. Nb3 Ke7 24. Na5 Kd8 25. Be2 Kc7 26. Bf3 d5 27. Kf1 Bf8 28. Ke2 Bd6 29. g3 Ng7 30. g4 b5 31. Nb3 b4 32. Nc5 bxc3 33. bxc3 Nb6 34. Kd3 Kc6 35. Nb3 Kb5 36. Nd2 Ne8 37. Bd1 f6 38. Kc2 e5 39. dxe5 fxe5 40. Bf3 Nc7 41. Kb3 Nd7 42. c4+ dxc4+ 43. Nxc4 Bc5 44. Na3+ Bxa3 45. Kxa3 Kc4 46. Bc6 Nc5 47. Kb2 Nd3+ 48. Kb1 Ne6 49. Be4 Nef4 50. h4 Nd5 51. Bxd5+ Kxd5 52. Kc2 Ke4 53. h5 Ne1+ 54. Kd2 Nf3+ 55. Ke2 g5 56. h6 Nd4+ 57. Kf1 Kf3 58. Bxg5 Kxg4 59. Bf6 Kf4 60. Bg7 Nf5 61. Ke2 e4 62. Bf8 Nd4+ 63. Kf1 Kf3 64. Bc5 Nf5 65. Bf8 Nh4 66. Be7 Ng6 67. Bd6 Nh4 68. Be7 Nf5 69. Bf8 Nd4 70. Bg7 Nc6 71. Bf6 Nb4 72. Bc3 1/2-1/2

[Event "Pardubice Czech op-A 23rd"]
[Site "Pardubice"]
[Date "2012.07.28"]
[Round "9"]
[White "Fodor, Tamas Jr"]
[Black "Jocys, Dalius"]
[Result "1-0"]
[WhiteElo "2503"]
[BlackElo "2205"]
[PlyCount "69"]
[EventDate "2012.07.12"]
[EventType "swiss"]
[EventRounds "9"]
[EventCountry "CZE"]
[SourceTitle "CBM 149 Extra"]
[Source "ChessBase"]
[SourceDate "2012.08.24"]
[SourceVersion "1"]
[SourceVersionDate "2012.08.24"]
[SourceQuality "1"]

1. d4 Nf6 2. c4 d6 3. Nf3 Nbd7 4. Nc3 c6 5. e4 e5 6. Be2 Be7 7. 0-0 0-0 8. h3 a6 9. a4 a5 10. Be3 Re8 11. Qc2 Bf8 12. Rad1 Qc7 13. d5 b6 14. Nd2 Ba6 15. Kh2 Nc5 16. Rfe1 h6 17. Nf1 g6 18. g4 cxd5 19. exd5 e4 20. Ng3 Bg7 21. b3 Qe7 22. Bf1 Bc8 23. Bxc5 bxc5 24. Ncxe4 Nxg4+ 25. hxg4 Qh4+ 26. Kg1 Bxg4 27. Be2 f5 28. Nxd6 Rxe2 29. Rxe2 f4 30. Rd3 f3 31. Ree3 Rf8 32. Qd1 Qf6 33. Ne8 Qf4 34. Nxg7 Kxg7 35. Qa1+ 1-0

[Event "Pardubice Czech op-A 23rd"]
[Site "Pardubice"]
[Date "2012.07.27"]
[Round "8"]
[White "Jocys, Dalius"]
[Black "Biolek, Richard"]
[Result "1-0"]
[WhiteElo "2205"]
[BlackElo "2404"]
[PlyCount "111"]
[EventDate "2012.07.12"]
[EventType "swiss"]
[EventRounds "9"]
[EventCountry "CZE"]
[SourceTitle "CBM 149 Extra"]
[Source "ChessBase"]
[SourceDate "2012.08.24"]
[SourceVersion "1"]
[SourceVersionDate "2012.08.24"]
[SourceQuality "1"]

1. Nf3 Nc6 2. b3 e5 3. d3 d5 4. Bb2 Bd6 5. g3 f5 6. Bg2 Nf6 7. 0-0 0-0 8. c4 d4 9. Nbd2 Bc5 10. Ne1 a5 11. Nc2 Qd6 12. Qc1 Re8 13. Na3 Nb4 14. Nb5 Qe7 15. Nf3 c6 16. Na3 Qd6 17. Nc2 Be6 18. a3 Nxc2 19. Qxc2 Bf7 20. Nh4 Be6 21. Qd2 f4 22. Bc1 Rf8 23. Nf3 fxg3 24. hxg3 e4 25. dxe4 Nxe4 26. Qd3 Nc3 27. Bf4 Rxf4 28. gxf4 Qxf4 29. e3 dxe3 30. Qxc3 exf2+ 31. Rxf2 Qg3 32. Raa2 Bh3 33. Kf1 Rf8 34. Bxh3 Qxh3+ 35. Ke1 Re8+ 36. Rae2 Qh1+ 37. Rf1 Rxe2+ 38. Kxe2 Qg2+ 39. Ke1 Bxa3 40. Nd2 Bb4 41. Qd3 h6 42. Rf2 Qh1+ 43. Ke2 Qh5+ 44. Qf3 Qe5+ 45. Ne4 Bc5 46. Rf1 Qh2+ 47. Nf2 Qe5+ 48. Ne4 Qh2+ 49. Kd3 Bb4 50. Qg3 Qb2 51. Nf6+ Kf7 52. Qc7+ Kg6 53. Rg1+ Kf5 54. Qd7+ Ke5 55. Ng4+ Kf4 56. Qf7+ 1-0

[Event "LTU-chT"]
[Site "Lithuania"]
[Date "2012.03.04"]
[Round "7"]
[White "Jocys, Dalius"]
[Black "Labuckas, Aidas"]
[Result "1-0"]
[WhiteElo "2204"]
[BlackElo "2321"]
[PlyCount "113"]
[EventDate "2012.01.21"]
[EventType "team-swiss"]
[EventRounds "7"]
[EventCountry "LTU"]
[SourceTitle "EXT 2013"]
[Source "ChessBase"]
[SourceDate "2012.11.22"]
[SourceVersion "1"]
[SourceVersionDate "2012.11.22"]
[SourceQuality "1"]
[WhiteTeam "Kretinga Akmena"]
[BlackTeam "Kaunas Margiris"]
[WhiteTeamCountry "LTU"]
[BlackTeamCountry "LTU"]

1. d4 Nf6 2. c4 e6 3. Nc3 Bb4 4. e3 b6 5. Nge2 Bb7 6. a3 Bxc3+ 7. Nxc3 d6 8. f3 Nh5 9. Qc2 Qh4+ 10. Qf2 Qxf2+ 11. Kxf2 a5 12. Bd3 0-0 13. e4 e5 14. dxe5 dxe5 15. Nd5 Bxd5 16. cxd5 Nd7 17. Be3 Nf4 18. Bb5 Nc5 19. Bxc5 bxc5 20. g3 Rab8 21. a4 c6 22. dxc6 Ne6 23. Rac1 g5 24. Rhd1 Kg7 25. Rd7 Rfc8 26. Ra7 h5 27. Ke3 Rb6 28. Kd3 Rd8+ 29. Kc3 Rc8 30. Rxa5 Nd4 31. Kc4 Nxc6 32. Bxc6 Rbxc6 33. Rd1 g4 34. fxg4 hxg4 35. Rd5 Rh6 36. Raxc5 Ra8 37. a5 Rxh2 38. b4 Rc2+ 39. Kb3 Rg2 40. Rd3 f6 41. Ka4 Ra2+ 42. Ra3 Rd2 43. Rc4 Rb8 44. b5 Rb2 45. Rb4 Rd2 46. a6 Ra8 47. Ka5 f5 48. exf5 Kf6 49. b6 Rd5+ 50. Rb5 Rd6 51. a7 Kxf5 52. Re3 Rd1 53. Rexe5+ Kf6 54. Ka6 Rad8 55. Rec5 Ra1+ 56. Ra5 Rb1 57. Rc6+ 1-0

[Event "Klaipeda-ch"]
[Site "Klaipeda"]
[Date "2012.02.25"]
[Round "9"]
[White "Jocys, Dalius"]
[Black "Beliajeva, Olga"]
[Result "1-0"]
[WhiteElo "2204"]
[BlackElo "1953"]
[PlyCount "71"]
[EventDate "2012.01.18"]
[EventType "tourn"]
[EventRounds "11"]
[EventCountry "LTU"]
[SourceTitle "EXT 2013"]
[Source "ChessBase"]
[SourceDate "2012.11.22"]
[SourceVersion "1"]
[SourceVersionDate "2012.11.22"]
[SourceQuality "1"]

1. d4 Nf6 2. c4 e6 3. Nc3 Bb4 4. e3 b6 5. Nge2 Bb7 6. a3 Be7 7. Nf4 h6 8. d5 e5 9. Nd3 d6 10. Be2 a5 11. 0-0 0-0 12. b3 Nh7 13. e4 Nd7 14. Bb2 Nc5 15. b4 Nxd3 16. Bxd3 Bc8 17. Qc2 Bd7 18. Ne2 g5 19. c5 dxc5 20. Bxe5 Bf6 21. Bxf6 Nxf6 22. bxc5 Re8 23. c6 Bc8 24. f3 Re5 25. Qc3 Qe7 26. Ng3 Ne8 27. f4 gxf4 28. Rxf4 Rg5 29. Raf1 Nd6 30. Rf6 Ba6 31. Rxh6 Qe5 32. Qxe5 Rxe5 33. Bxa6 Rxa6 34. Rxd6 cxd6 35. c7 Re8 36. Nf5 1-0

[Event "Klaipeda-ch"]
[Site "Klaipeda"]
[Date "2012.01.28"]
[Round "3"]
[White "Vaitonis, Vytautas"]
[Black "Jocys, Dalius"]
[Result "0-1"]
[WhiteElo "2034"]
[BlackElo "2204"]
[PlyCount "80"]
[EventDate "2012.01.18"]
[EventType "tourn"]
[EventRounds "11"]
[EventCountry "LTU"]
[SourceTitle "EXT 2013"]
[Source "ChessBase"]
[SourceDate "2012.11.22"]
[SourceVersion "1"]
[SourceVersionDate "2012.11.22"]
[SourceQuality "1"]

1. d4 c5 2. dxc5 Qa5+ 3. Nc3 Qxc5 4. e4 Nf6 5. a3 a6 6. h3 d6 7. Nf3 e6 8. Bd3 Be7 9. 0-0 0-0 10. Re1 Nbd7 11. Ne2 b5 12. b3 Bb7 13. Ng3 Rac8 14. Bb2 Qb6 15. b4 Qc7 16. Nd2 Nb6 17. e5 Qc6 18. f3 dxe5 19. Bxe5 Nc4 20. Bxc4 bxc4 21. Nde4 Nd5 22. Nc3 Rfd8 23. Qe2 Bh4 24. Kh2 f6 25. Nxd5 Rxd5 26. Qe4 Bxg3+ 27. Bxg3 Rd2 28. Qxe6+ Qxe6 29. Rxe6 Bxf3 30. Rg1 Rc6 31. Re3 Bd5 32. c3 Kf7 33. Bf4 Ra2 34. h4 Re6 35. Rxe6 Kxe6 36. Kh3 Rc2 37. g3 Rxc3 38. Re1+ Kf5 39. Re3 Rxe3 40. Bxe3 Ke4 0-1

[Event "Klaipeda-ch"]
[Site "Klaipeda"]
[Date "2012.01.18"]
[Round "1"]
[White "Drozdov, Sergej"]
[Black "Jocys, Dalius"]
[Result "1/2-1/2"]
[WhiteElo "2225"]
[BlackElo "2204"]
[PlyCount "41"]
[EventDate "2012.01.18"]
[EventType "tourn"]
[EventRounds "11"]
[EventCountry "LTU"]
[SourceTitle "EXT 2013"]
[Source "ChessBase"]
[SourceDate "2012.11.22"]
[SourceVersion "1"]
[SourceVersionDate "2012.11.22"]
[SourceQuality "1"]

1. d4 Nf6 2. Nf3 d5 3. c4 e6 4. Nc3 Be7 5. e3 0-0 6. Bd3 b6 7. 0-0 Bb7 8. b3 Nbd7 9. Bb2 c5 10. Qe2 cxd4 11. exd4 Qc7 12. Ne5 dxc4 13. Bxc4 Nxe5 14. dxe5 Nd7 15. Rfe1 a6 16. Rac1 Bg5 17. Rc2 Bf4 18. Nd1 Qd8 19. Qg4 Bg5 20. Nc3 Be7 21. Ne4 1/2-1/2

[Event "Klaipeda Sea op 08th"]
[Site "Klaipeda"]
[Date "2011.07.29"]
[Round "8"]
[White "Jocys, Dalius"]
[Black "Prigodin, Ruslan"]
[Result "1/2-1/2"]
[WhiteElo "2223"]
[BlackElo "1866"]
[PlyCount "51"]
[EventDate "2011.07.25"]
[EventType "swiss"]
[EventRounds "9"]
[EventCountry "LTU"]
[SourceTitle "EXT 2012"]
[Source "ChessBase"]
[SourceDate "2011.11.24"]
[SourceVersion "1"]
[SourceVersionDate "2011.11.24"]
[SourceQuality "1"]

1. d4 d5 2. Nf3 Nf6 3. c4 e6 4. g3 Be7 5. Bg2 0-0 6. 0-0 dxc4 7. Qc2 a6 8. Qxc4 b5 9. Qc2 Bb7 10. Bd2 Ra7 11. Rd1 Nbd7 12. Ne1 Bxg2 13. Nxg2 c5 14. dxc5 Bxc5 15. Be3 Rc7 16. Bxc5 Rxc5 17. Qb3 Qc7 18. Nc3 Rc6 19. Nf4 Rc8 20. Nd3 Nc5 21. Nxc5 Rxc5 22. a4 bxa4 23. Rxa4 Rb8 24. Rb4 Rxb4 25. Qxb4 h6 26. Ne4 1/2-1/2

[Event "Klaipeda Sea op 08th"]
[Site "Klaipeda"]
[Date "2011.07.26"]
[Round "2"]
[White "Jocys, Dalius"]
[Black "Slusnys, Evaldas"]
[Result "1/2-1/2"]
[WhiteElo "2223"]
[BlackElo "1895"]
[PlyCount "44"]
[EventDate "2011.07.25"]
[EventType "swiss"]
[EventRounds "9"]
[EventCountry "LTU"]
[SourceTitle "EXT 2012"]
[Source "ChessBase"]
[SourceDate "2011.11.24"]
[SourceVersion "1"]
[SourceVersionDate "2011.11.24"]
[SourceQuality "1"]

1. Nf3 g6 2. d4 c5 3. c3 cxd4 4. cxd4 Nf6 5. Nc3 d5 6. Bg5 Bg7 7. e3 0-0 8. Qb3 e6 9. Bd3 Nc6 10. 0-0 Qa5 11. Rac1 Qb4 12. Qc2 Bd7 13. a3 Qe7 14. b4 Rfc8 15. Qb3 h6 16. Bh4 g5 17. Bg3 Nh5 18. Bb1 f5 19. Be5 g4 20. Bxg7 gxf3 21. Be5 Nxe5 22. dxe5 Qg7 1/2-1/2

[Event "Klaipede-ch"]
[Site "Klaipeda"]
[Date "2011.02.20"]
[Round "5"]
[White "Barsciauskas, Gintautas"]
[Black "Jocys, Dalius"]
[Result "1/2-1/2"]
[WhiteElo "1891"]
[BlackElo "2207"]
[PlyCount "56"]
[EventDate "2011.01.04"]
[EventType "tourn"]
[EventRounds "11"]
[EventCountry "LTU"]
[SourceTitle "EXT 2013"]
[Source "ChessBase"]
[SourceDate "2012.11.22"]
[SourceVersion "1"]
[SourceVersionDate "2012.11.22"]
[SourceQuality "1"]

1. e4 d6 2. d4 Nf6 3. Bd3 e5 4. c3 Be7 5. Nf3 Nbd7 6. 0-0 0-0 7. Nbd2 c6 8. Re1 Re8 9. Bc4 exd4 10. cxd4 d5 11. exd5 Nxd5 12. Ne5 Nxe5 13. dxe5 Be6 14. Ne4 Qc7 15. Bg5 Rad8 16. Qf3 Bxg5 17. Nxg5 h6 18. Nxe6 Rxe6 19. Qb3 b5 20. Bxd5 Rxd5 21. f4 Qb6+ 22. Qe3 Qxe3+ 23. Rxe3 Rd2 24. f5 Re8 25. b3 Red8 26. Rc1 Rd1+ 27. Rxd1 Rxd1+ 28. Kf2 Rd4 1/2-1/2

[Event "Klaipede-ch"]
[Site "Klaipeda"]
[Date "2011.02.20"]
[Round "8"]
[White "Jocys, Dalius"]
[Black "Cernavina, Ksenija"]
[Result "1-0"]
[WhiteElo "2207"]
[BlackElo "1755"]
[PlyCount "77"]
[EventDate "2011.01.04"]
[EventType "tourn"]
[EventRounds "11"]
[EventCountry "LTU"]
[SourceTitle "EXT 2013"]
[Source "ChessBase"]
[SourceDate "2012.11.22"]
[SourceVersion "1"]
[SourceVersionDate "2012.11.22"]
[SourceQuality "1"]

1. d4 e6 2. Nf3 f5 3. c4 Nf6 4. Nc3 Bb4 5. Qb3 Qe7 6. a3 Bxc3+ 7. Qxc3 0-0 8. g3 d6 9. Bg2 Nbd7 10. 0-0 e5 11. dxe5 dxe5 12. b4 e4 13. Nd4 Ne5 14. Bb2 Ng6 15. f4 c5 16. Nc2 Be6 17. Ne3 Rfd8 18. Bh3 cxb4 19. axb4 Qf7 20. Bxf5 Bxf5 21. Nxf5 Rd7 22. Rfd1 Rc7 23. Ne3 a6 24. Qd4 Rd7 25. Qc5 Rc7 26. Qd4 Rd7 27. Qb6 Nh5 28. Rxd7 Qxd7 29. Rd1 Qh3 30. Rd8+ Rxd8 31. Qxd8+ Kf7 32. Qd5+ Kf8 33. Qxe4 Nxg3 34. hxg3 Qxg3+ 35. Ng2 Nh4 36. Kf1 Ng6 37. Qxb7 Ne7 38. Qf3 Qg6 39. e4 1-0

[Event "Klaipede-ch"]
[Site "Klaipeda"]
[Date "2011.02.06"]
[Round "3"]
[White "Armonaitis, Silvestras"]
[Black "Jocys, Dalius"]
[Result "0-1"]
[WhiteElo "2108"]
[BlackElo "2207"]
[PlyCount "64"]
[EventDate "2011.01.04"]
[EventType "tourn"]
[EventRounds "11"]
[EventCountry "LTU"]
[SourceTitle "EXT 2013"]
[Source "ChessBase"]
[SourceDate "2012.11.22"]
[SourceVersion "1"]
[SourceVersionDate "2012.11.22"]
[SourceQuality "1"]

1. Nf3 Nf6 2. c4 d6 3. d4 c6 4. Nc3 Nbd7 5. e4 e5 6. Be2 Be7 7. 0-0 0-0 8. Rb1 a5 9. Re1 Re8 10. h3 Qc7 11. Bf1 Bf8 12. d5 Nc5 13. b3 Bd7 14. Bg5 Be7 15. Qd2 Qb6 16. Na4 Nxa4 17. bxa4 Qc7 18. Bd3 cxd5 19. cxd5 Bxa4 20. Rec1 Qd7 21. Be3 b5 22. a3 Bd8 23. Qe1 Nxd5 24. exd5 e4 25. Bxb5 Bxb5 26. Nd4 Bd3 27. Rb2 Re5 28. Nc6 Rxd5 29. Nxd8 Rxd8 30. Qc3 Re5 31. Bd4 Rg5 32. f4 exf3 0-1